| 000 | 00459nam a2200157 i 4500 | ||
|---|---|---|---|
| 001 | 48971 | ||
| 003 | ES-MaACL | ||
| 005 | 20230906161846.0 | ||
| 007 | t| | ||
| 008 | 030703s1911 gw ||||1| ger d | ||
| 100 | 1 |
_aCornelius, Hans. _940620 |
|
| 245 | 1 | 0 |
_aElementargesetre der bildenden kunst grundlagen einer praktischen asthetik / _cHans Cornelius. |
| 260 |
_aLeipzig : _bB.G. Tenbner, _c1911. |
||
| 300 |
_a201 p. ; _c25 cm. |
||
| 852 |
_aES-MaACL _jF-1393 |
||
| 999 |
_c48971 _d48971 |
||